00970nam a2200265Ia 4500001000600000003000900006008004100015040001300056040001300069041001300082100001700095100002900112245009600141245004600237250001100283260001900294260001800313260004900331300005900380500015700439650002500596650003100621700002300652700002900675C0066IT-RoPAU130308s9999 xx 000 0 und d aIT-RoPAU cIT-RoPAU aITALIANO aFabbri Paolo gCodice Aut. SPICS: 9716 aLuce del sud (La)-Analisi semiotica di un frammento di Paolo il caldo di Vitaliano Brancati bEspaces Du Texte-Spazi Testuali-Textraume a1a ed. aNEUCHATEL (CH) bLa Baconniere c1990 [1° Ed.:1990 - Ed.Ling.Originale:1990] a"24 p. (prefazione: no ; testo: 24 [pagine: 171-194])" aTesto. Analisi: motivo e Figura, Logica Partecipativa, Semisimbolismo, Probabilizzazioni, Enunciazione e sequenza della Fabula, Apprensione Protopatica. aSAGGI DI LINGUISTICA eCodice materia Spics: 3207 aMarrone Gianfranco gCodice Aut. SPICS: 35715